00328nam a2200145Ia 4500003000900000008004100009040001300050040001300063100001800076245004600094250001100140260001700151300000800168490000600176IT-RoPAU120407s9999 xx 000 0 und d aIT-RoPAU cIT-RoPAU aIgino Morello aIl direttorio della religiosa in esercizi aPadova aPresbyterium c cm v1